000 02106nam a22001577a 4500
082 _a894.812
_bLAP/B
100 _aLAPIEN,DOMINIC
245 _aBHOPALIL ANNU SAMBHAVICHATHU
246 _aBHOPALIL ANNU SAMBHAVICHATHU
_bBHOPALIL ANNU SAMBHAVICHATHU
260 _aKOTTAYAM,KERALA, INDIA
300 _a280
500 _aSOCIAL SCIENCE-STUDY കാല്ലക്ഷത്തോളംപേരുടെ മരണത്തിനും പതിനായിരങ്ങളുടെ തീരാദുരിതത്തിനും ഇടയാക്കിയ ഭോപ്പാല് ദുരന്തത്തിന്റെ കാണാപ്പുറങ്ങളിലേക്ക് പ്രശസ്ത എഴുത്തുകാരായ ഡൊമിനിക് ലാപിയറും ജാവിയര് മോറോയും നടത്തുന്ന യാത്രയുടെ കരളുലയ്ക്കുന്ന ഓര്മ്മകളാണിത്. ഉദ്വേഗവും സംഘര്ഷവും ആകാംക്ഷയും ഈ കൃതിയിലുടനീളം നിറഞ്ഞുനില്ക്കുന്നു.
520 _aSOCIAL SCIENCE-STUDY കാല്ലക്ഷത്തോളംപേരുടെ മരണത്തിനും പതിനായിരങ്ങളുടെ തീരാദുരിതത്തിനും ഇടയാക്കിയ ഭോപ്പാല് ദുരന്തത്തിന്റെ കാണാപ്പുറങ്ങളിലേക്ക് പ്രശസ്ത എഴുത്തുകാരായ ഡൊമിനിക് ലാപിയറും ജാവിയര് മോറോയും നടത്തുന്ന യാത്രയുടെ കരളുലയ്ക്കുന്ന ഓര്മ്മകളാണിത്. ഉദ്വേഗവും സംഘര്ഷവും ആകാംക്ഷയും ഈ കൃതിയിലുടനീളം നിറഞ്ഞുനില്ക്കുന്നു.
650 _aMALAYALAM SOCIAL STUDIES STUDY AND CRITICISM
942 _cBK
999 _c8661
_d8661